आकाशवाणी: (Record no. 40175)

MARC details
000 -LEADER
fixed length control field 00989nam a22002297a 4500
005 - DATE AND TIME OF LATEST TRANSACTION
control field 2010080708588.0
010 ## - LCCN (DPL NO)
LC control number HIN-90067
020 ## - INTERNATIONAL STANDARD BOOK NUMBER
Terms of availability 175.00
International Standard Book Number 9788173157639
035 ## - SYSTEM CONTROL NUMBER
System control number HN-62413
037 ## - SOURCE OF ACQUISITION
Source of stock number/acquisition DBAD / PUB
082 ## - DEWEY DECIMAL CLASSIFICATION NUMBER
Classification number 781
245 ## - TITLE STATEMENT
Title आकाशवाणी:
Statement of responsibility, etc संजय कुमार द्वारा संपादित
Remainder of title समाचार की दुनिया /
246 ## - VARYING FORM OF TITLE
Title proper/short title Aakashvani
Remainder of title Edited by Sanjay Kumar
260 ## - PUBLICATION, DISTRIBUTION, ETC. (IMPRINT)
Place of publication, distribution, etc नई दिल्ली
Name of publisher, distributor, etc प्रभात प्रकाशन
Date of publication, distribution, etc 2010
270 ## - ADDRESS
Address 4/19, आसफ अली रोड़
City नई दिल्ली
Postal code 110002
300 ## - PHYSICAL DESCRIPTION
Extent 128पृ
Dimensions 22सेमी (सजिल्द)
Other physical details सचित्र
700 ## - ADDED ENTRY--PERSONAL NAME
9 (RLIN) 7228
Personal name संजय कुमार
700 ## - ADDED ENTRY--PERSONAL NAME
9 (RLIN) 7267
700 ## - ADDED ENTRY--PERSONAL NAME
9 (RLIN) 7698
942 ## - ADDED ENTRY ELEMENTS (KOHA)
Institution code [OBSOLETE] dpl
Item type Hindi Books
Call number prefix
Source of classification or shelving scheme Dewey Decimal Classification
Call number suffix आकाश
Classification part 781
Holdings
Withdrawn status Lost status Not for loan Collection code Home library Current library Date acquired Source of acquisition Cost, normal purchase price Full call number Barcode Copy number Cost, replacement price Koha item type
    Not For Loan Non-fiction D.B.Act.Division D.B.Act.Division 07/08/2010 DBAD / PUB 175.00 781 संजय HN-62413 1 175.00 Hindi Books

© Delhi Public Library
Hit Counter
free hit counter